|
ศูนย์เภสัชสนเทศ มหาวิทยาล้ยมหาสารคาม
Mahasarakham University, Thailand
|


|
mysqli: Deadlock found when trying to get lock; try restarting transaction
DELETE FROM stat_globaluid
WHERE id NOT IN (
SELECT id
FROM (
SELECT id
FROM stat_globaluid
ORDER BY id DESC
LIMIT 100
) foo
);
| LEADER 00000nam 2200000uu 4500 |
| 001 13399108802 |
| 003 ULIBM |
| 008 140404s||||||||th 000 0 tha d |
| 020 0801679230
|
| 099 ^aEC 141
|
| 100 1 Williams, Sue Rodwell
|
| 245 10 Essentials of nutrition and diet therapy /^cSue RodwellWilliams
|
| 250 6th ed.
|
| 260 St. Louis :^bMosby,^cc1994
|
| 300 521, I-41 p. :^bill. ;^c28 cm.
|
| 500 Send to Single Search
|
| 650 2 Diet Therapy
|
| 650 2 Nutrition
|
| 999 ^aนิตยา นารีจันทร์
|
| คุณยังไม่ได้ล็อกอิน คุณสามารถมีกิจกรรมร่วมกับเว็บไซต์ได้ แต่ต้องล็อกอินก่อน :: |
|
| ลำดับที่ |
ประเภท |
เลขเรียก/บาร์โค้ด |
สถานที่ |
สถานะ |
| 1. |
 หนังสือ | EC 141 Barcode: 1201627 | หนังสือทั่วไป | On Shelf |
| [แสดง 1/1 รายการ] |
รายการใกล้เคียง
ผู้แต่ง [Williams, Sue Rodwell]
หัวเรื่อง [Diet Therapy] หัวเรื่อง [Nutrition]
|